| 000 | 00432cam a2200169ua 4500 | ||
|---|---|---|---|
| 020 | _c20.00 | ||
| 041 |
_aeng _h |
||
| 082 |
_a320.58 _bPRA/MY |
||
| 100 | _aPrabhudas, Gandhi . | ||
| 245 |
_aMy childhood with Gandhiji / _cGandhi Prabhudas. _hTextual Documents |
||
| 260 |
_aAhmadabad : _bNavajivan publishing house , _c1957. |
||
| 300 | _a212 ; . | ||
| 365 | _a20.00 | ||
| 504 | _a | ||
| 942 | _cBK | ||
| 999 |
_c2486 _d2486 |
||